000 01061cam a2200289 i 4500
001 192044
003 SpMaBN
005 20250823062242.0
008 221102s1997 sp | ||| ||spa
016 7 _abimoBNE19982639943 [
_2SpMaBN]
017 _aM 22590-1997
_bOficina Depósito Legal Madrid
020 _a8488333137
035 _a(OCoLC)433949221
040 _aSpMaBN
_bspa
_cSpMaBN
_erdc
080 _a821.134.2 Cervantes Saavedra, Miguel de 1.07(038)
100 1 _aAvalle-Arce, Juan Bautista
_eaut
_923989
245 1 0 _aEnciclopedia cervantina /
_cJuan Bautista de Avalle-Arce
260 _aAlcalá de Henares :
_bCentro de Estudios Cervantinos,
_c1997
300 _a501 páginas ;
_c24 cm.
600 1 7 _aCervantes Saavedra, Miguel de,
_d1547-1616-
_vDiccionarios
_9166859
655 0 _aDiccionarios
_9193753
710 2 _92617
_aCentro de Estudios Cervantinos
_eedt
852 4 _aES-MaACL
_jN-8224
_cDEPOJ
_hDonación: Editorial
_9199326
942 _cMONOGRAFIA
_n0
999 _c192044
_d192044